कौटिलीय अर्थशास्त्र प्रदीप (Record no. 971517)

MARC details
000 -LEADER
fixed length control field 00405nam a2200133Ia 4500
008 - FIXED-LENGTH DATA ELEMENTS--GENERAL INFORMATION
fixed length control field 151001s9999||||xx |||||||||||||| ||und||
100 ## - MAIN ENTRY--PERSONAL NAME
Personal name गोविंद गोपाळ टिपणीस
245 ## - TITLE STATEMENT
Title कौटिलीय अर्थशास्त्र प्रदीप
250 ## - EDITION STATEMENT
Edition statement 2
260 ## - PUBLICATION, DISTRIBUTION, ETC. (IMPRINT)
Name of publisher, distributor, etc वरदा बुक्स
260 ## - PUBLICATION, DISTRIBUTION, ETC. (IMPRINT)
Date of publication, distribution, etc 1990
300 ## - PHYSICAL DESCRIPTION
Extent 207
365 ## - TRADE PRICE
Price amount 20

No items available.